000 00788cam a2200265 a 4500
001 000019325
005 20200929170000.0
008 790514s1964 sp 001 f spa d
035 _a(DLC) 75555380
040 _aDO-SdBNP
_bspa
_cBNPHU
082 _a863.6
_bE77a, 1964
100 1 _aEspina, Concha,
_d1869-1955
_941553
245 1 0 _aAltar mayor /
_cConcha Espina.
250 _a3a ed.
260 _aMadrid :
_bEspasa-Calpe,
_c1964.
300 _a217 p. ;
_c18 cm.
490 1 _aAustral. Azul: novelas y cuentos
_v1196
500 _aIncluye índice de autores
650 4 _aNovela española
_91123
650 4 _aLiteratura española
_9632
830 0 _aAustral .
_pAzul: novelas y cuentos;
_v1196
_941554
910 _aCatalogación derivada / LC
910 _aWM
049 _aBNGR
999 _c18842
_d18842